| 000 | 00350nam a2200133Ia 4500 | ||
|---|---|---|---|
| 008 | 240624s9999 xx 000 0 und d | ||
| 041 | _aeng | ||
| 082 | _a368 TRI | ||
| 100 | _aNATIONAL INSURANCE ACADEMY | ||
| 245 | _aGENERAL INSURANCE BUSINESS OPERATIONS AN | ||
| 260 |
_c2009 _aNew Delhi _bCengage Learning |
||
| 300 | _a188 : p. | ||
| 365 |
_cRS _b31 |
||
| 999 |
_c22670 _d22670 |
||